Atributos de la innovación en el marco del movimiento educativo abierto para desarrollar competencias matemáticas (Record no. 181798)
[ view plain ]
| 000 -CABECERA | |
|---|---|
| campo de control de longitud fija | 02461nab a2200337 a 4500 |
| 005 - FECHA Y HORA DE LA ÚLTIMA TRANSACCIÓN | |
| campo de control | 20260110063926.0 |
| 008 - ELEMENTOS DE LONGITUD FIJA--INFORMACIÓN GENERAL | |
| campo de control de longitud fija | 991125c2015 cr qr p o 000 0 spa d |
| 035 ## - NÚMERO DE CONTROL DEL SISTEMA | |
| Número de control de sistema | UPN01000209697 |
| 040 ## - FUENTE DE LA CATALOGACIÓN | |
| Centro catalogador/agencia de origen | MX-MxUPN |
| Lengua de catalogación | spa |
| Centro/agencia transcriptor | MX-MxUPN |
| Normas de descripción | aacr2 |
| 049 ## - COLECCIÓN | |
| Colección | ART-E |
| 100 1# - ASIENTO PRINCIPAL--NOMBRE PERSONAL | |
| Nombre de persona | Pazos Trujillo, Libardo Antonio |
| 100 1# - ASIENTO PRINCIPAL--NOMBRE PERSONAL | |
| Filiación | lianpatru@hotmail.com |
| 100 1# - ASIENTO PRINCIPAL--NOMBRE PERSONAL | |
| Nombre de persona | Tenorio Sepúlveda, Gloria Concepción |
| 100 1# - ASIENTO PRINCIPAL--NOMBRE PERSONAL | |
| Filiación | gloria_cts@yahoo.com.mx |
| 100 1# - ASIENTO PRINCIPAL--NOMBRE PERSONAL | |
| Nombre de persona | Ramírez Montoya, María Soledad |
| 100 1# - ASIENTO PRINCIPAL--NOMBRE PERSONAL | |
| Filiación | solramirez@itesm.mx |
| 245 10 - MENCIÓN DE TÍTULO | |
| Título | Atributos de la innovación en el marco del movimiento educativo abierto para desarrollar competencias matemáticas |
| 506 0# - NOTA DE RESTRICCIONES AL ACCESO | |
| Limitaciones de acceso | Acceso abierto |
| 520 3# - NOTA DE RESUMEN, ETC. | |
| Sumario, etc. | Este artículo presenta aportes relevantes de una investigación que estudió el desarrollo de los atributos de la innovación educativa en el marco del movimiento educativo abierto, al fomentar las competencias matemáticas mediante la integración d e Recursos Educativos Abiertos (REA) y Objetos de Aprendizaje (OA) en estudiantes de noveno grado de Educación Básica en una escuela pública de carácter rural ubicada en Colombia. Se utilizaron graficadores digitales en la enseñanza de las funciones lineal y cuadrática, con la finalidad de mejorar las prácticas educativas. La metodología se adscribe al paradigma cualitativo mediante la técnica de estudio de caso. Los participantes fueron: el profesor investigador, doce estudiantes de noveno año y dos docent es de la institución educativa. La recolección de datos se llevó a cabo mediante entrevistas semiestructuradas a estudiantes y docentes, y la observación participante del profesor. La información permitió evidenciar cómo se favorece el proceso educativo y potencializa el papel del docente como orientador y favorecedor en el desarrollo de la competencia de razonamiento y comunicación en matemáticas al incluir los REA y OA en el proceso de enseñanza - aprendizaje. |
| 650 #4 - ASIENTO SECUNDARIO DE MATERIA - TERMINO TEMATICO | |
| Término de materia o nombre geográfico como elemento de entrada | Innovaciones educativas |
| 9 (RLIN) | 386 |
| 650 #4 - ASIENTO SECUNDARIO DE MATERIA - TERMINO TEMATICO | |
| Término de materia o nombre geográfico como elemento de entrada | Educación básica |
| 9 (RLIN) | 7340 |
| 653 0# - TERMINO DE INDIZACION - NO CONTROLADO | |
| Término no controlado | Competencias matemáticas |
| 653 0# - TERMINO DE INDIZACION - NO CONTROLADO | |
| Término no controlado | Recursos educativos abiertos |
| 653 0# - TERMINO DE INDIZACION - NO CONTROLADO | |
| Término no controlado | Objetos de aprendizaje |
| 653 05 - TERMINO DE INDIZACION - NO CONTROLADO | |
| Término no controlado | Colombia |
| 773 ## - ENLACE AL DOCUMENTO FUENTE/ENTRADA DE REGISTRO ANFITRIÓN | |
| Parte(s) relacionada(s) | Vol. 15, no. 3 (2015), p. 1-24 |
| Título | Actualidades investigativas en educación |
| Número Internacional Normalizado para Publicaciones Seriadas | 1409-4703 |
| 856 4# - LOCALIZACIÓN Y ACCESO ELECTRÓNICOS | |
| Identificador Uniforme del Recurso | <a href="https://www.scielo.sa.cr/scielo.php?script=sci_arttext&pid=S1409-47032015000300080">https://www.scielo.sa.cr/scielo.php?script=sci_arttext&pid=S1409-47032015000300080</a> |
| 902 ## - ELEMENTOS DE DATOS B LOCAL, LDB (RLIN) | |
| Creó | Gloria Jiménez/170625 |
| 905 ## - TIPO DE MATERIAL | |
| Tipo de material | Articulo |
| 942 ## - ELEMENTOS DE PUNTO DE ACCESO ADICIONAL (KOHA) | |
| Tipo de ítem Koha | Artículo Electrónico |
| Estado de retiro | Estado de pérdida | Estado dañado | No para préstamo | Código de colección | Localización permanente | Ubicación/localización actual | Ubicación en estantería | Fecha de adquisición | Total de préstamos | Fecha visto por última vez | Identificador Uniforme del Recurso | Precio válido a partir de | Tipo de ítem Koha |
|---|---|---|---|---|---|---|---|---|---|---|---|---|---|
| Acceso abierto | Bib. Gregorio Torres Quintero | Bib. Gregorio Torres Quintero | En línea | 17/06/2025 | 17/06/2025 | https://www.scielo.sa.cr/scielo.php?script=sci_arttext&pid=S1409-47032015000300080 | 17/06/2025 | Artículo Electrónico |
